| 000 | 00448nam a2200169 i 4500 | ||
|---|---|---|---|
| 001 | 96630 | ||
| 003 | ES-MaACL | ||
| 005 | 20230906181941.0 | ||
| 007 | t| | ||
| 008 | 050629s1967 sp ||||1| cat d | ||
| 100 | 1 |
_aMaluquer, Concepció G. _975874 |
|
| 245 | 1 | 0 |
_aAigua térbola / _cConcepció G. Maluquer. |
| 250 | _a[1ª ed.]. | ||
| 260 |
_aMadrid : _bAlfaguara, _c1967. |
||
| 300 |
_a228 p. ; _c21 cm. |
||
| 852 |
_aES-MaACL _jC-32828 _bR.63417 |
||
| 999 |
_c96630 _d96630 |
||